Monstruos al teatro /

¿Cómo sobrellevó Polifemo el desaire de la ninfa Galatea? ¿Qué hizo la Esfinge luego de ser derrotada por Edipo? ¿Era tan maligno el Minotauro?...En este libro, seis fabulosas historias pertenecientes a la mitología griega son llevadas al teatro con ingenio y mucho humor. Luego de leerlas, seguro te...

Descripción completa

Guardado en:
Autor Principal: Repún, Graciela.
Otros Autores: Lancman Ink, il., Suárez, Patricia.
Formato: Libro
Publicado: Buenos Aires : Santillana, 2004.
Series:Leer es genial. Iguales y diferentes
Materias:
Etiquetas: Agregar Etiqueta
Sin Etiquetas, Sea el primero en etiquetar este registro!
LEADER 01512nam a22002775a 4500
001 CEM.cems019967
008 230405s2004##################000#0#####d
005 20230410164441.0
245 1 0 |a Monstruos al teatro /  |c Graciela Repún y Patricia Suárez ; ilustraciones de Lancman Ink. 
260 |a Buenos Aires :  |b Santillana,  |c 2004. 
300 |a 128 p. 
490 0 |a Leer es genial. Iguales y diferentes 
505 0 |a La esfinge no finge -- Narciso el modesto -- ¡Una historia petrificante! -- Hefesto -- Teseo, Teseo, ¡qué laberinto más feo! - Polifemo 
520 |a ¿Cómo sobrellevó Polifemo el desaire de la ninfa Galatea? ¿Qué hizo la Esfinge luego de ser derrotada por Edipo? ¿Era tan maligno el Minotauro?...En este libro, seis fabulosas historias pertenecientes a la mitología griega son llevadas al teatro con ingenio y mucho humor. Luego de leerlas, seguro te vas a preguntar qué define realmente a un monstruo: ¿su apariencia física o su comportamiento hacia los otros? Monstruos al teatro es ideal para conocer, reflexionar y animarse a subir al escenario para divertirse un rato. 
020 |a 9504614116 
100 1 |a Repún, Graciela. 
700 1 |a Lancman Ink, il. 
700 1 |a Suárez, Patricia. 
653 |a Literatura 
653 |a Literatura argentina 
653 |a Teatro 
653 |a Teatro Infantil 
653 |a Literatura Infantil 
653 |a Literatura Juvenil 
653 |a Mitología Griega 
859 |a CEMS  |b BIB. CEMS - Inicial y Primaria  |h A862.4  |i R299-2  |k IP  |p 4396  |t Ej.1